Papercut Lyrics - Statistics

General Stats
  • This quiz has been taken 3 times
  • The average score is 33 of 40
Answer Stats
Lyrics % Correct
A face that {awakes} when I close my eyes
100%
A face that {laughs} every time I fall
100%
A face that {laughs} every time they fall
100%
A face that {watches} every time I lie
100%
A face that {watches} every time they lie
100%
(And watches {everything})
100%
But everybody has a face that they {hold} {inside}
100%
But I know just what it {feels} {like}
100%
I feel the light {betray} me
100%
(I feel the light {betray} me)
100%
It's like a {whirlwind} inside of my head
100%
It's like I can't stop {what} {I'm} {hearin}' within
100%
It's like I'm {paranoid}, lookin' over my back
100%
It's like the face inside is right {beneath} {my} {skin}
100%
Like a face that I {hold} {inside}
100%
Or how the {pressure} was fed
100%
{Paranoia}'s all I got left
100%
Right underneath {my} {skin}
100%
So I know that when it's time to {sink} {or} {swim}
100%
Something in here's {not} {right} today
100%
So you know that when it's time to {sink} {or} {swim}
100%
(The {sun})
100%
The {sun} goes down
100%
To {have} {a} {voice} in the back of my head
100%
Why am I so {uptight} today?
100%
Why does it feel like {night} today?
100%
And your paranoia's {probably} {worse}
67%
But I know what I {can}'{t} {stand}
67%
I don't know what {stressed} {me} {first}
67%
I know I've got a {face} {in} {me}
67%
It's like the face inside is right {beneath} {the} {skin}
67%
Points out {all} {my} {mistakes} to me
67%
That the face inside is {here} {in} {me}
67%
The face inside is right {beneath} {your} {skin}
67%
You've got a face {on} {the} {inside} too
67%
Everybody acts like the {fact} {of} {the} {matter} is
33%
I don't know what {set} {me} {off} first
33%
Right inside {your} {skin}
33%
That the face inside is {watchin}' {you} {too}
33%
I can't {add} {up} to what you can
0%
No matching quizzes found
Score Distribution
Percent of People with Each Score
Percentile by Number Answered
Your Score History
You have not taken this quiz